| 000 -LEADER |
| fixed length control field |
00364 a2200157 4500 |
| 003 - CONTROL NUMBER IDENTIFIER |
| control field |
OSt |
| 005 - DATE AND TIME OF LATEST TRANSACTION |
| control field |
20240708164913.0 |
| 008 - FIXED-LENGTH DATA ELEMENTS--GENERAL INFORMATION |
| fixed length control field |
240708b ||||| |||| 00| 0 eng d |
| 020 ## - INTERNATIONAL STANDARD BOOK NUMBER |
| International Standard Book Number |
9780262516051 |
| 082 ## - DEWEY DECIMAL CLASSIFICATION NUMBER |
| Classification number |
[720.952] |
| 100 ## - MAIN ENTRY--PERSONAL NAME |
| Personal name |
Arata Isozaki |
| 245 ## - TITLE STATEMENT |
| Title |
Japan-ness in Architecture |
| 260 ## - PUBLICATION, DISTRIBUTION, ETC. (IMPRINT) |
| Name of publisher, distributor, etc |
The MIT Press |
| Date of publication, distribution, etc |
2011 |
| 300 ## - PHYSICAL DESCRIPTION |
| Extent |
349p; |
| 942 ## - ADDED ENTRY ELEMENTS (KOHA) |
| Source of classification or shelving scheme |
|